| 000 | 00608nam a2200205Ia 4500 | ||
|---|---|---|---|
| 001 | 10164 | ||
| 003 | GE_BSU | ||
| 008 | 181216s||||||||xx |||||||||||||| ||und|| | ||
| 040 | _cGE_BSU | ||
| 100 | _aროყვა,შოთა | ||
| 245 | _aშთაგონება | ||
| 245 | _bლექსები | ||
| 245 | _cრედ. რ.ართილაყვა.მხატვ.ი.ასლანოვა | ||
| 260 | _aბათუმი | ||
| 260 | _bსაბჭოთა აჭარა | ||
| 260 | _c1969 | ||
| 300 | _a167გვ.14სმ. | ||
| 653 | _aშთაგონება | ||
| 942 | _cBK | ||
| 999 |
_c43434 _d43434 |
||